| 000 | 00446nam a2200169Ia 4500 | ||
|---|---|---|---|
| 003 | OSt | ||
| 005 | 20260304113752.0 | ||
| 008 | 211028s2006 xx 000 0 und d | ||
| 040 | _cAIMIT LIBRARY | ||
| 041 | _aeng | ||
| 100 |
_aZachariah, Lijo; Rebello, Santhosh. _g30910199 _92553 |
||
| 110 |
_aVatsa, Ruchika. _92554 |
||
| 245 | _aWeb setup kit / | ||
| 260 |
_aPune _c2006 |
||
| 710 |
_aEMC Data Storage Private Ltd _92555 |
||
| 942 |
_2ddc _cPRO |
||
| 999 |
_c216936 _d216936 |
||